Statistics for the social sciences. -- 2nd ed. (Record no. 58380)

MARC details
000 -LEADER
fixed length control field 00817nam a2200205 a 4500
008 - FIXED-LENGTH DATA ELEMENTS--GENERAL INFORMATION
fixed length control field 120416s1973 ||||||||||||||||| || u
020 ## - INTERNATIONAL STANDARD BOOK NUMBER
International Standard Book Number 0030779456
050 ## - LIBRARY OF CONGRESS CALL NUMBER
Classification number HA 29 Hay
100 ## - MAIN ENTRY--PERSONAL NAME
Personal name Hays, William Lee, 1926-
245 10 - TITLE STATEMENT
Title Statistics for the social sciences. -- 2nd ed.
Statement of responsibility, etc. by William L. Hays
250 ## - EDITION STATEMENT
Edition statement 2nd ed.
260 ## - PUBLICATION, DISTRIBUTION, ETC.
Place of publication, distribution, etc. New York:
Name of publisher, distributor, etc. Holt, Rinehart and Winston
Date of publication, distribution, etc. 1973
300 ## - PHYSICAL DESCRIPTION
Extent xxi, 954p.: ill.
350 ## - PRICE (NR) (BK AM CF MU VM SE) [OBSOLETE]
Price 0.00
500 ## - GENERAL NOTE
General note First ed. published in 1963 under title: Statistics for psychologists. Bibliography: p. 908-912.
650 ## - SUBJECT ADDED ENTRY--TOPICAL TERM
Topical term or geographic name entry element STATISTICS--HANDBOOKS, MANUALS, ETC
650 #3 - SUBJECT ADDED ENTRY--TOPICAL TERM
Topical term or geographic name entry element P0PULATION STATISTICS
650 #0 - SUBJECT ADDED ENTRY--TOPICAL TERM
Topical term or geographic name entry element PSYCHOMETRICS
995 ## - RECOMMENDATION 995 [LOCAL, UNIMARC FRANCE]
-- 0.00
-- CBU-MAIN LIBRARY (Kitwe)
-- 1
-- 10.00
-- 1
-- AVAILABLE
-- Main Library Open Access Collection
Holdings
Withdrawn status Lost status Source of classification or shelving scheme Damaged status Not for loan Home library Current library Shelving location Date acquired Total Checkouts Full call number Barcode Date last seen Price effective from Koha item type
          CBU-MAIN LIBRARY, KITWE. CBU-MAIN LIBRARY, KITWE.   11/30/2022   HA 29 Hay 000181 11/30/2022 11/30/2022 MONOGRAPH